Хотгойдын дүүрэгч вангийн хошууны түүх (Бичлэгийн дугаар. 73086)

MARC дэлгэрэнгүй
000 -Удирдлага
Ном зүйн бүртгэл тоо буюу кодлох утгыг агуулсан 00912 a2200217 4500
003 - ХЯНАЛТЫН ТОО ТОДОРХОЙЛОГЧ
Код MN-UlNLM
005 - ХАМГИЙН СҮҮЛИЙН ҮЕИЙН ХЭЛЦЛИЙН ОГНОО БА ЦАГ
Тухайн бичилтийг бичсэн засварласан сүүлийн огноо. 20220923110807.0
008 - ЕРӨНХИЙ МЭДЭЭЛЭЛ-ЭЛЕМЕНТҮҮДИЙН ӨГӨГДЛИЙН УРТ
fixed length control field a130t1997 mp ||||| |||| 00| 0 mon d
040 ## - ЭХ СУРВАЛЖИЙГ ТОДОРХОЙЛОН БИЧИХ
Анхны каталогийн байгууллага Монгол Улсын Үндэсний номын сан
084 ## - БУСАД АНГИЛЛЫН ДУГААР
Анги 63.3(5Мон)
Ангиллын нэр Номын сан номзүйн ангилал
Зохиогчийн 3-н тэмдэгт Л 874
Шинжлэх ухааны мэдлэгийн салбар Түүх - 63
100 1# - ЗОХИОГЧИЙН ХЭСЭГ
Зохиогчийн нэр Лхагва С.
245 0# - ҮНДСЭН ГАРЧИГ
Гарчиг Хотгойдын дүүрэгч вангийн хошууны түүх
Оролцогчдын тухай мэдээ Ред. Г. Чулуунбаатар
260 0# - ГАРАЛТЫН ТУХАЙ МЭДЭЭ
Хэвлэгдсэн он 1997
Хэвлэгдсэн газар УБ
300 ## - ТООНЫ МЭДЭЭ
Хуудасны тоо 266x
546 ## - ХЭЛНИЙ ТУХАЙ МЭДЭЭ
Хэл
653 ## - ТҮЛХҮҮР ҮГС
Түлхүүр үг Түүх
740 ## - НОМЫН АГУУЛГЫН ГАРЧИГ
Номын гарчгууд Хөрс
-- Агуй
-- Уур амьсгал
-- Ан амьтан
-- Газар хөдлөлт
-- Тэсийн голын унага
-- Сур
-- Хошууны бөхчүүд
-- Хурим
-- Хүндэтгэл
-- Хүүхдийн үс авах
-- Ах дүү бололцох
-- Мэрэг төлөг
-- Угсаа
856 ## - ЭЛЕКТРОН БАЙРЛАЛ БА ХОЛБООС
Төрөл Хэвлэмэл ном
942 ## - ЭЛЕМЕНТИЙН ТӨРӨЛ
Төрөл Ном
Захиалгууд
Буцаан татагдсан төлөв Хасагдсан шалтгаан Гэмтсэн төлөв Данс заагч Захиалах боломжгүй Үндсэн номын сан Одоогийн байршил Салбар танхим Сан хөмрөг 5 Бүртгэсэн огноо Тавиурын заалт Баркод Үнэ Хамгийн сүүлд байсан огноо Салбар Нийт уншлаганд гарсан тоо Хамгийн сүүлд уншлаганд гарсан огноо Төрөл
          МУҮНомын сан салбар МУҮНомын сан салбар МУҮНС салбар | Хүмүүн танхим 6 давхар МУҮНС салбар | Хүмүүн танхим 6 давхар 2021-09-09 82320 02082320 8000.00 2022-04-26 0000020823 4 2022-04-26 Ном
          МУҮНомын сан салбар МУҮНомын сан салбар МУҮНС салбар | Хүмүүн танхим 6 давхар МУҮНС салбар | Хүмүүн танхим 6 давхар 2021-09-09 82321 02082321 8000.00 2021-09-09 0000020823 1 2018-04-02 Ном
          МУҮНомын сан салбар МУҮНомын сан салбар МУҮНС салбар | Хүмүүн танхим 6 давхар МУҮНС салбар | Хүмүүн танхим 6 давхар 2021-09-09 82319 02082319 8000.00 2021-09-09 0000020823     Ном